| 000 | 00433nam a22001577a 4500 | ||
|---|---|---|---|
| 020 | _a9789692209007 | ||
| 082 |
_a346.54910438 _bRIZ |
||
| 100 | _aRizvi, Aatir | ||
| 245 |
_aUnderstanding Transfer of Property Act, 1882 _cAatir Rizvi |
||
| 250 | _a5th Edition. | ||
| 260 |
_aLahore : _bAl-Syed Law Book House, _c2024. |
||
| 300 | _a284 p. | ||
| 563 | _aPB. | ||
| 650 |
_aLaw, Property Act, 1882 _9128255 |
||
| 942 |
_2ddc _cBK |
||
| 999 |
_c613288 _d613288 |
||